000 00912nam a2200253Ia 4500
003 OSt
005 20220923211710.0
006 a|||||r|||| 00| 0
007 ta
008 220922b |||||||| |||| 00| 0 san d
024 _a43,100
037 _cTextual
040 _aARTS
_cARTS
_bsan
041 _2san
_asan
082 _aO15,2D36:g, 152K7
100 _aतिवारी, रमाशंकर
_9156271
245 0 _aमहाकवि शुद्रक
_b शुद्रक और मृच्छकटिक
246 _ahinākavi shudraka: shudrak aur mṛuchchhakaṭika
260 _aवाराणसी
_b चौखम्बा विधाभवन
_c1967
300 _a407पृ.
_ccm.
650 _aहिन्दी साहित्य
_9156264
942 _hO15,2D36:g, 152K7
_cTEXL
_2CC
999 _c302709
_d302709